LEADER 03907nam 2200673 450 001 9910825352103321 005 20230803200410.0 010 $a3-11-036611-8 010 $a3-11-039144-9 024 7 $a10.1515/9783110366112 035 $a(CKB)3360000000515428 035 $a(EBL)1663076 035 $a(SSID)ssj0001441702 035 $a(PQKBManifestationID)11759822 035 $a(PQKBTitleCode)TC0001441702 035 $a(PQKBWorkID)11412741 035 $a(PQKB)11081684 035 $a(MiAaPQ)EBC1663076 035 $a(DE-B1597)428340 035 $a(OCoLC)979906499 035 $a(DE-B1597)9783110366112 035 $a(Au-PeEL)EBL1663076 035 $a(CaPaEBR)ebr11013947 035 $a(CaONFJC)MIL807364 035 $a(OCoLC)898769734 035 $a(EXLCZ)993360000000515428 100 $a20150210h20142014 uy 0 101 0 $ager 135 $aur|n|---||||| 181 $ctxt 182 $cc 183 $acr 200 10$aWittgenstein, Frazer und die "ethnologische Betrachtungsweise" /$fMarco Brusotti 210 1$aBerlin, [Germany] ;$aBoston, [Massachusetts] :$cWalter de Gruyter GmbH,$d2014. 210 4$d©2014 215 $a1 online resource (468 p.) 225 1 $aU?ber Wittgenstein ;$vBand 2 300 $aDescription based upon print version of record. 311 $a3-11-037046-8 320 $aIncludes bibliographical references and index. 327 $t Frontmatter -- $tInhalt -- $tEinleitung -- $t1. Ein neues Bewusstsein für kulturelle Unterschiede -- $t2. Wittgensteins erste Auseinandersetzung mit Frazers Golden Bough -- $t3. Wittgensteins "propaganda for a descriptive method, instead of an explanatory." Die Vorlesung im May Term 1933 -- $t4. Die spätere Auseinandersetzung mit dem Golden Bough: Die losen Blätter in der Abridged Edition (MS 143) -- $t5. Philosophische Probleme mit ,ethnologischem' Blick sehen. Wittgensteins "ethnologische Betrachtungsweise" -- $tAnhang: Wittgensteins Auseinandersetzung mit Frazers Golden Bough im Kontext des Nachlasses -- $tKonkordanzen -- $tSiglenverzeichnis -- $tLiteraturverzeichnis -- $tNamenregister -- $tSachregister -- $tDanksagung 330 $aWittgenstein beansprucht für sich eine neue Betrachtungsweise: Er will seinen "Standpunkt weit draußen einnehmen" und philosophische Probleme mit ethnologischem Blick sehen. Ist seine scharfe Auseinandersetzung mit James Frazers anthropologischem Hauptwerk, The Golden Bough. A Study in Magic and Religion, eine frühe Einübung in diese "ethnologische Betrachtungsweise"? Sprache und Kultur geht dieser Frage nach. Kulturdifferenz und -wandel, die im Tractatus noch gleichsam unter der Schwelle philosophischer Aufmerksamkeit liegen, rücken hier allmählich in den Mittelpunkt. Wittgensteins breite kulturphilosophische Beschäftigung gilt Ethnologen wie Frazer und Malinowski, aber auch so unterschiedlichen Gestalten wie etwa Spengler, Sraffa, Renan, Ogden und Richards, Paul Ernst, Goethe und vielen anderen. Diese bisher umfassendste Studie zum Thema berücksichtigt Wittgensteins Gesamtnachlass und unveröffentlichtes Material: Ohne die problematischen Aspekte zu übersehen, zeigt sie, dass Wittgensteins Denken nicht nur sprachphilosophisch relevant ist, sondern auch und gerade kulturphilosophische Horizonte eröffnet. 410 0$aU?ber Wittgenstein ;$vBand 2. 606 $aPhilosophy, Modern$y19th century 606 $aPhilosophy, Modern$y20th century 610 $aWittgenstein. 610 $ainterculturality. 610 $aphilosophy of culture. 615 0$aPhilosophy, Modern 615 0$aPhilosophy, Modern 676 $a190.9034 700 $aBrusotti$b Marco$0540296 801 0$bMiAaPQ 801 1$bMiAaPQ 801 2$bMiAaPQ 906 $aBOOK 912 $a9910825352103321 996 $aWittgenstein, Frazer und die "ethnologische Betrachtungsweise"$93961265 997 $aUNINA LEADER 01046nam0-2200301 --450 001 9910905400103321 005 20241121103753.0 100 $a20240930d kmuy0itay5050 ba 101 0 $aeng 102 $aFR 105 $ay 001yy 200 1 $a16. International grassland congress$e4-11 october 1989, Nice, France 210 $aVersailles$cAssociation Francaise pour la Production Fourragere 215 $av.$d28 cm 327 $a1.: Sections 1 to 6$a2.: Sections 7 to 14 510 1 $a16. Congres international des herbages$e4-11 Octobre 1989 Nice, France 610 0 $aPedologia 676 $a631.4$v23$zita 710 12$aInternational Grassland Congress$d<16.$f; 1989$e; Nice>$01770526 712 02$aAssociation francaise pour la production fouraggere 801 0$aIT$bUNINA$gREICAT$2UNIMARC 901 $aBK 912 $a9910905400103321 952 $aA AGR 1069-1$b14749/2024$fFAGBC 952 $aA AGR 1069-2$b13205/2024$fFAGBC 959 $aFAGBC 996 $a16. International grassland congress$94252478 997 $aUNINA